| 000 | 00509nam a2200217Ia 4500 | ||
|---|---|---|---|
| 001 | 14472 | ||
| 003 | GE_BSU | ||
| 008 | 181216s||||||||xx |||||||||||||| ||und|| | ||
| 020 | _a9781409390374 | ||
| 040 | _cGE_BSU | ||
| 080 | _a82-93 | ||
| 245 | _aWaddle Lot of Laughs Joke Book | ||
| 245 | _bDisney Club Penguin | ||
| 260 | _aLondon | ||
| 260 | _bPenguin Books | ||
| 260 | _c2009 | ||
| 300 | _a62p.20cm.ill. | ||
| 653 | _aDisney Club Penguin | ||
| 653 | _aWaddle Lot of Laughs Joke book | ||
| 942 | _cBK | ||
| 999 |
_c47603 _d47603 |
||